Регионална библиотека "Любен Каравелов" - Русе

Юбилеен сборник на търговско-индустриалните камари в Царството (Запис номер 130855)

MARC детайли
000 -Лидер
Контролно поле с фиксирана дължина 01501nam a2200337 c 4500
003 - Код на организацията, давaща контролен номер
Контролно поле BLK
005 - Дата и час на последна редакция
Контролно поле 20230317084135.0
008 - Елементи от данни с фиксирана дължина
fixed length control field 180409b bul|||||r ||||||| ||bul||
010 ## - Наследен системен номер
LC control number KNG00136649000
040 ## - Източник на каталожния запис
Идентификатор на билиотеката - собственик на записа BLK
041 ## - Код за език
Код за езика на текст/звукозапис или на отделно заглавие Български
Код за езика КДБФ Български
072 #7 - Код за тематичната категория
Код организация bullib
Код за тематична категория К
Текст Краезнание
080 ## - УДК
Текстов определител УДК Занаятчийски и индустриални камари. Търговски палати
УДК код - определител по УДК 334.788.2
УДК определител (497.2)
УДК - код + определител 334.788.2(497.2)
110 1# - Редна дума - колетивен орган
Редна дума - наименование на организация или юридическо лице България. Търговско-индустриални камари
9 (RLIN) 321755
139 ## - Редно поле
Редна дума България. Търговско-индустриални камари
Авторски знак Бъл - Б 92
245 10 - Сведения за заглавието
Заглавие Юбилеен сборник на търговско-индустриалните камари в Царството
Подзаглавни данни По случай 25 г. от основаването им : 1895 - 1920
257 ## - Страна на издаване
Страна на създаване/издаване България
260 ## - Област на издателските данни
Име на издателя, разпространителя и проч. Търг.-индустр. камари в България
Година на издаване 1920
Печатница София : печ. П. Глушков
300 ## - Физическа характеристика
Страници 585, IV с.
Илюстрации и др. 18 л. портр.
Размери/Мащаб 25 см
380 ## - Жанр
Жанр Обществени науки
650 #4 - Допълнително описание по предмет – тема
Основно описание – тема или топоним Камари, търговско-индустриални
9 (RLIN) 280620
651 #4 - Допълнително описание по предмет - топоним
Географско понятие България
9 (RLIN) 241624
653 ## - Ключова дума – ненормативна
Ключова дума търговско-индустриални камари
653 ## - Ключова дума – ненормативна
Ключова дума юбилеи
659 ## - Тематичен бюлетин
Тематичен бюлетин К
852 ## - Местоположение
Форматна сигнатура Цб 3.225.27016
852 ## - Местоположение
Форматна сигнатура К 334/Б 92
856 4# - Електронен адрес и достъп
Електронен формат pdf - файл
856 4# - Електронен адрес и достъп
Електронен формат pdf - файл
999 ## - СИСТЕМНИ КОНТРОЛНИ НОМЕРА
Koha biblionumber 130855
Koha biblioitemnumber 130855
942 ## - АРТИКУЛИ
Вид на библиотечния материал Книги
Скрит в OPAC Не
Koha issues (borrowed), all copies 4
Периодичен библиозапис Да
944 ## - СЪЗДАВАНЕ И РЕДАКЦИЯ на ЗАПИСА
Създаване/Редакция Създаване
Дата на регистрацията/редакция 30.11.2012
Статус, дата на статуса ф / 30.11.2012
Служител, извършил регистрацията/редакцията Наталия_Медовщикова
944 ## - СЪЗДАВАНЕ И РЕДАКЦИЯ на ЗАПИСА
Създаване/Редакция Редакция
Дата на регистрацията/редакция 30.11.2012
Статус, дата на статуса ф / 30.11.2012
999 ## - СИСТЕМНИ КОНТРОЛНИ НОМЕРА
Koha biblioitemnumber 130855
Наличности
Код за отписване Код за изгубен артикул Източник на класификационната схема Код за повреда Коз за рестрикции Код за отдаване Артикулен № Име на библиотеката - собственик Име на библиотеката, в която се намира в момента Статус (Текущо местоположение) Дата на вписване в системата Местоположение - отдел Цена в лева Инвентарен номер Систематично азбучна сигнатура Баркод Номер на екземпляра Цена в евро Служебна бележка Служебен тип на артикула
Изтеглен Не е изгубен Universal Decimal Classification Не е повреден без рестрикции ползва се в читалня 213165 Регионална библиотека "Любен Каравелов" Русе Регионална библиотека "Любен Каравелов" Русе Хранилище 1920-01-01 Основен фонд - ползва се само за читалня 0.00 27016-а Цб 3.225.27016 27016-а 1 0.00 N: стар фонд Дата: 01.01.1920 Книги
  Не е изгубен Universal Decimal Classification Не е повреден без рестрикции ползва се в читалня 213166 Регионална библиотека "Любен Каравелов" Русе Регионална библиотека "Любен Каравелов" Русе Краезнание 1920-01-01 Краезнание 1.50 2502/66 К 334/Б 92 900000003786 2 0.77 N: стар фонд Дата: 01.01.1920 Дата инв: 13.11.2017 Бележки инв: К2017 Книги
Vip Innovations Ltd, Rousse, Bulgaria 2025